Normal view
MARC view
- The Copperbelt University-School of Built Environment(CBU-SBE)
Entry Corporate Name
001 - CONTROL NUMBER
- control field: 4829
003 - CONTROL NUMBER IDENTIFIER
- control field: CBULib
005 - DATE AND TIME OF LATEST TRANSACTION
- control field: 20250904101647.0
008 - FIXED-LENGTH DATA ELEMENTS
- fixed length control field: 250904|| aca||aabn | a|a d
040 ## - CATALOGING SOURCE
- Original cataloging agency: CBULib
110 ## - HEADING--CORPORATE NAME
- Corporate name or jurisdiction name as entry element: The Copperbelt University-School of Built Environment(CBU-SBE)